Les maxibules / (Record no. 81000)
[ view plain ]
| 000 -LEADER | |
|---|---|
| fixed length control field | 00615cam9a220021700 4500 |
| 001 - CONTROL NUMBER | |
| control field | qcf00146210 |
| 005 - DATE AND TIME OF LATEST TRANSACTION | |
| control field | 20190816090056.0 |
| 008 - FIXED-LENGTH DATA ELEMENTS--GENERAL INFORMATION | |
| fixed length control field | 730629s1962 fr 000 0 fre |
| 010 ## - LIBRARY OF CONGRESS CONTROL NUMBER | |
| LC control number | 67105030 |
| 035 ## - SYSTEM CONTROL NUMBER | |
| System control number | (Sirsi) r123869 |
| 035 ## - SYSTEM CONTROL NUMBER | |
| System control number | (QCAT)lss00440704 |
| 035 ## - SYSTEM CONTROL NUMBER | |
| System control number | (UPRA)qcf00146210 |
| 040 ## - CATALOGING SOURCE | |
| Modifying agency | UPRA |
| 050 0# - LIBRARY OF CONGRESS CALL NUMBER | |
| Classification number | PQ2601.Y5 |
| Item number | M35 |
| 100 1# - MAIN ENTRY--PERSONAL NAME | |
| Personal name | Ayme, Marcel, 1902-1967. |
| Dates associated with a name | Ayme, Marcel, 1902-1967. |
| Linkage | A44263.1 |
| 245 14 - TITLE STATEMENT | |
| Title | Les maxibules / |
| Statement of responsibility, etc. | Marcel Ayme. |
| 260 ## - PUBLICATION, DISTRIBUTION, ETC. | |
| Place of publication, distribution, etc. | [Paris] : |
| Name of publisher, distributor, etc. | Gallimard, |
| Date of publication, distribution, etc. | c1962. |
| 500 ## - GENERAL NOTE | |
| General note | A play. |
| 949 ## - LOCAL PROCESSING INFORMATION (OCLC) | |
| a | PQ2601.Y5 |
| w | lcc |
| i | -178064 |
| m | MAIN |
| t | BOOK |
| l | ON-SHELF |
No items available.